• 首页
  • 本馆介绍
  • 公告通知
  • 最新文献
  • 馆藏检索
  • 电子资源
  • 读者导购
  • 参考咨询
  • 我的图书馆
  • 登录
  • 详细信息显示
  • 放入我的书架
  • 预约/预借图书
  • 作者相关作品
  • 分类相关作品
  • 丛书相关作品
  • 出版社相关作品

书目信息

  • 表格格式
  • 工作单格式
  • 卡片格式
题名:
中国通商银行
    
 
作者: 顾廷龙 , 汪熙 , 陈旭麓 主编 ;谢俊美 编
分册:  
出版信息: 上海   上海人民出版社  2000
页数: 724页, [6]页图版
开本: 21cm
丛书名: 盛宣怀档案资料选辑
单 册:
中图分类: F832.95
科图分类:
主题词: 中国通商银行--档案资料--1896~1920--汇编
电子资源:
ISBN: 7-208-03512-1
000 01091nam0 2200301 450
000 01120nam0 2200313 450
000 01050nam0 2200289 450
000 01013nam 2200277 45
005 20070529143201.93
010    @a7-208-03512-1@b精装@dCNY46.00
100    @a20051110d2000 ekmy0chiy0120 ea
101 0  @achi
102    @aCN@b310000
105    @afh z 000yy
200 1  @a中国通商银行@AZhong Guo Tong Shang Yin Hang@f陈旭麓,顾廷龙,汪熙主编@FChen Xu Lu, Gu Ting Long, Wang Xi Zhu Bian@g谢俊美编
210    @a上海@c上海人民出版社@d2000
215    @a724页, [6]页图版@c摹真@d21cm
225 2  @a盛宣怀档案资料选辑@v5
330    @a本书系《盛宣怀档案资料选辑之五》,辑录了有关中国通商银行函稿565件,并银行往来电报钞存8本,时间自1896至1920年。
410  0 @12001 @a盛宣怀档案资料选辑
606 0  @a中国通商银行@x档案资料@z1896~1920@j汇编
690    @aF832.95@v4
701  0 @a顾廷龙@AGu Ting Long@4主编
701  0 @a汪熙@AWang Xi@4主编
701  0 @a陈旭麓@AChen Xu Lu@4主编
702  0 @a谢俊美@AXie Jun Mei@4编
801  0 @aCN@bFYSX@c20070529
905    @a10447@dF832.95@e40
    
    中国通商银行/陈旭麓,顾廷龙,汪熙主编/谢俊美编.-上海:上海人民出版社,2000
    724页, [6]页图版:摹真;21cm.-(盛宣怀档案资料选辑;5)
    
    
    ISBN 7-208-03512-1(精装):CNY46.00
    本书系《盛宣怀档案资料选辑之五》,辑录了有关中国通商银行函稿565件,并银行往来电报钞存8本,时间自1896至1920年。
●
相关链接 在E读中查询图书 在五车中查询图书 在当当中查询图书 在豆瓣中查询图书


正题名:中国通商银行     索取号:F832.95/40         预约/预借

序号 登录号 条形码 馆藏地/架位号 状态 备注
1 0509745   205097456   第一样本阅览室/ [索取号:F832.95/40] 在馆    
2 0509746   205097465   第一借阅区/ [索取号:F832.95/40] 在馆    
3 0509747   205097474   密集书库/ [索取号:F832.95/40] 在馆    
4 0509748   205097483   密集书库/ [索取号:F832.95/40] 在馆    
5 0509749   205097492   密集书库/ [索取号:F832.95/40] 在馆    
6 0509750   205097508   第一借阅区/ [索取号:F832.95/40] 在馆    
7 0509751   205097517   第一借阅区/ [索取号:F832.95/40] 在馆    
8 0509752   205097526   密集书库/ [索取号:F832.95/40] 在馆    
唐山师范学院图书馆 欢迎您!
大连网信软件有限公司© 版权所有